000 00616nam a2200205 i 4500
001 141960
003 ES-MaACL
005 20260623174046.0
007 t|
008 071001s1936 fr ||||1| fre d
100 1 _aViollis, Andrée.
_9115418
245 1 0 _aIndochine S.O.S. /
_cAndrée Viollis ; preface d'André Malraux.
250 _a12eme ed.
260 _aParis :
_bGallimard,
_c[1936] (
_fImp. Paul Dupont)
300 _aXVI, 252 p. ;
_c19 cm.
651 4 _aIndochina-
_xHistoria-
_y1900-1945.
_98841
700 1 _aMalraux, André,
_d1901-1976
_975859
852 _aES-MaACL
_jB-8697
999 _c141960
_d141960